书目信息 |
| 题名: |
经济学家茶座
|
|
| 作者: | 金明善 主编 | |
| 分册: | 总第二十四辑(2006.2) | |
| 出版信息: | 济南 山东人民出版社 2006.02 |
|
| 页数: | 160页 | |
| 开本: | 24cm | |
| 丛书名: | ||
| 单 册: | ||
| 中图分类: | F-55 | |
| 科图分类: | ||
| 主题词: | 经济--jing ji--丛刊 | |
| 电子资源: | ||
| ISBN: | 7-209-04052-8 | |
| 000 | 00849nam0 2200241 450 | |
| 001 | 012007830041 | |
| 005 | 20070517163355.98 | |
| 010 | @a7-209-04052-8@dCNY14.00 | |
| 100 | @a20070310d2006 km y0chiy0120 ea | |
| 101 | 0 | @achi |
| 102 | @aCN@b370000 | |
| 105 | @aa z 000yy | |
| 200 | 1 | @a经济学家茶座@Ajing ji xue jia cha zuo@h总第二十四辑(2006.2)@f金明善主编@Fjin ming shan zhu bian |
| 210 | @a济南@c山东人民出版社@d2006.02 | |
| 215 | @a160页@c图@d24cm | |
| 303 | @a依封面著录 | |
| 330 | @a本书为经济学文集,设国是我见、学界万象、学问聊斋、经济评论、经济随笔、生活中的经济学、经济学人、他山之石、来信选登等栏目,对经济领域不同问题进行了探讨。 | |
| 510 | 1 | @aTeahouse for economists@zeng |
| 606 | 0 | @a经济@Ajing ji@j丛刊 |
| 690 | @aF-55@v4 | |
| 701 | 0 | @a金明善@Ajin ming shan@4主编 |
| 801 | 0 | @aCN@c20070517 |
| 905 | @a10447@dF-55@eJ796 | |
| 经济学家茶座.总第二十四辑(2006.2)/金明善主编.-济南:山东人民出版社,2006.02 |
| 160页:图;24cm |
| ISBN 7-209-04052-8:CNY14.00 |
| 本书为经济学文集,设国是我见、学界万象、学问聊斋、经济评论、经济随笔、生活中的经济学、经济学人、他山之石、来信选登等栏目,对经济领域不同问题进行了探讨。 |
| ● |
| 相关链接 |
|
|
|
正题名:经济学家茶座
索取号:F-55/J796
 
预约/预借
| 序号 | 登录号 | 条形码 | 馆藏地/架位号 | 状态 | 备注 |
| 1 | 236781 | 202367811 | 社科二线422/409社科库 61排1列1层/ [索取号:F-55/J796] | 在馆 | |
| 2 | 236782 | 202367820 | 社科库409/409社科库 61排1列1层/ [索取号:F-55/J796] | 在馆 | |
| 3 | 236783 | 202367839 | 社科二线422/409社科库 61排1列1层/ [索取号:F-55/J796] | 在馆 |